El movimiento cooperativo en Chile: sus características y su desarrollo
Saved in:
| Hovedforfatter: | |
|---|---|
| Corporate Authors: | , |
| Format: | Bog |
| Sprog: | spansk |
| Udgivet: |
Santiago
ILDIS
1972
|
| Fag: | |
| Tags: |
Tilføj Tag
Ingen Tags, Vær først til at tagge denne postø!
|
MARC
| LEADER | 00000nam a2200000 a 4500 | ||
|---|---|---|---|
| 001 | UCR7965 | ||
| 003 | CL-VaPUC | ||
| 008 | 980519e19720000CL |||||||||||||||||spa|d | ||
| 082 | 0 | 4 | |a 334 |b BEN |2 21 |
| 100 | 0 | |a Benecke, Dieter W |e author |9 409542 | |
| 110 | 2 | |a ILDIS |e author |9 409543 | |
| 710 | 2 | |a Instituto Latinoamericano de Investigaciones Sociales |e author |9 409544 | |
| 245 | 1 | 3 | |a El movimiento cooperativo en Chile: sus características y su desarrollo |
| 300 | |a 65 p | ||
| 942 | |c BK | ||
| 945 | |d 19980519 00:00:00 |a crobeson | ||
| 260 | |a Santiago |b ILDIS |c 1972 | ||
| 650 | 0 | |a Cooperativas |9 319869 | |
| 651 | 7 | |a CHILE |2 CL-VaPUC |9 409545 | |
| 583 | |a last modification |c 19980519 00:00:00 |k Rodrigo Vera | ||
| 999 | |c 269540 |d 269538 | ||
| 952 | |0 0 |1 0 |4 0 |6 334_000000000000000_BEN_1972 |7 0 |8 A |9 303302 |a BIBENE |b BIBENE |d 2019-11-20 |i 1400398 |o 334 BEN 1972 |p 1400398 |r 2025-01-15 |w 2019-11-20 |y BK |k ICO | ||